| 000 | 00405nam a2200169Ia 4500 | ||
|---|---|---|---|
| 005 | 20250603144706.0 | ||
| 008 | 250603s9999 xx 000 0 und d | ||
| 020 | _a9780123704900 | ||
| 050 | _aQA 76.9.A73 .H39/ | ||
| 100 | _aHennessy, John L. | ||
| 245 | 0 | _aComputer architecture : a quantitative approach | |
| 250 | _a4th ed. | ||
| 260 | _bMK | ||
| 260 | _c2006 | ||
| 300 | _a423 p | ||
| 942 | _cBK | ||
| 999 |
_c39671 _d39671 |
||